书目信息 |
| 题名: |
现代语义学
|
|
| 作者: | 束定芳 编著 | |
| 分册: | ||
| 出版信息: | 上海 上海外语教育出版社 2000.12 |
|
| 页数: | 251页 | |
| 开本: | 22cm | |
| 丛书名: | 高等院校英语语言文学专业研究生系列教材 | |
| 单 册: | ||
| 中图分类: | H313-43 | |
| 科图分类: | ||
| 主题词: | 英语--ying yu--语义学--高等学校--教材 | |
| 电子资源: | ||
| ISBN: | 7-81046-958-4 | |
| 000 | 01091cam 2200265 450 | |
| 001 | CAL 012001190397 | |
| 005 | 20060529100440.03 | |
| 010 | @a7-81046-958-4@dCNY 13.50 | |
| 099 | @aCAL 012001190397 | |
| 100 | @a20010619d2000 em y0chiy0121 ea | |
| 101 | 0 | @achi |
| 102 | @aCN@b310000 | |
| 200 | 1 | @a现代语义学@Axian dai yu yi xue@f束定芳编著@d= An Introduction to contemporary linguistic semantics@zeng |
| 210 | @a上海@c上海外语教育出版社@d2000.12 | |
| 215 | @a251页@d22cm | |
| 225 | 2 | @a高等院校英语语言文学专业研究生系列教材@Agao deng yuan xiao ying yu yu yan wen xue zhuan ye yan jiu sheng xi lie jiao cai |
| 330 | @a本书介绍了现代语义学的特点与发展趋势,现代语义学的研究对象、方法与目标,现代语义学中的一些基本概念,词汇意义分析等内容 | |
| 410 | 0 | @12001 @a高等院校英语语言文学专业研究生系列教材 |
| 510 | 1 | @aIntroduction to contemporary linguistic semantics@zeng |
| 606 | 0 | @a英语@Aying yu@x语义学@x高等学校@j教材 |
| 690 | @aH313-43@v4 | |
| 701 | 0 | @a束定芳@AShu Dingfang@4编著 |
| 801 | 0 | @aCN@bNLC@c20060529 |
| 801 | 2 | @aCN@bECN@c20060506 |
| 905 | @a10447@dH313-43@eS656 | |
| 现代语义学/束定芳编著= An Introduction to contemporary linguistic semantics.-上海:上海外语教育出版社,2000.12 |
| 251页;22cm.-(高等院校英语语言文学专业研究生系列教材) |
| ISBN 7-81046-958-4:CNY 13.50 |
| 本书介绍了现代语义学的特点与发展趋势,现代语义学的研究对象、方法与目标,现代语义学中的一些基本概念,词汇意义分析等内容 |
| ● |
| 相关链接 |
|
|
|
正题名:现代语义学
索取号:H313-43/S656
 
预约/预借
| 序号 | 登录号 | 条形码 | 馆藏地/架位号 | 状态 | 备注 |
| 1 | 603657 | 206036573 | 语言库209/209语言库 31排1列6层/ [索取号:H313-43/S656] | 在馆 | |
| 2 | 603658 | 206036582 | 语言库209/209语言库 31排1列6层/ [索取号:H313-43/S656] | 在馆 |